| 000 | 00000nam 2200000za 4500 |
| 001 | 9.839361 |
| 003 | CaOODSP |
| 005 | 20221107151604 |
| 007 | cr ||||||||||| |
| 008 | 170710s2009 onca |o f|0| 0 eng d |
| 040 | |aCaOODSP|beng |
| 043 | |an-cn--- |
| 086 | 1 |aNM34-1/2009E-PDF |
| 245 | 00|aAstronomy |h[electronic resource] : |ba virtual exploration guide. |
| 260 | |a[Ottawa] : |bCanada Science and Technology Museum, |cc2009. |
| 300 | |a1 v. in multiple pagings : |bill. |
| 500 | |aIssued also in French under title: L'astronomie : guide d'exploration virtuelle. |
| 500 | |aCover title. |
| 504 | |aIncludes bibliographic references. |
| 505 | 0 |aSection 1: About this guide -- Section 2: Science in the skies: discovering our universe -- Section 3: Tools of the trade: the technology of astronomy -- Section 4: Astronomy, Canada, and Society -- Section 5: Astronomy and our environment. |
| 520 | |a""Astronomy" is a teaching resource package that enables students to discover the wonders of astronomy from their own classrooms. This virtual program presents astronomy in a way that is accessible and interactive, combining hands-on activities with online discovery."--Introduction. |
| 692 | 07|2gccst|aAstronomy |
| 692 | 07|2gccst|aInstructional materials |
| 710 | 1 |aCanada.|bCanada Science and Technology Museum. |
| 775 | 08|tL’astronomie |w(CaOODSP)9.839365 |
| 856 | 40|qPDF|s2.10 MB|uhttps://publications.gc.ca/collections/collection_2017/mstc-cstm/NM34-1-2009-eng.pdf |